Strengthening of brick masonry walls for out-of-plane seismic forces
Wedi'i Gadw mewn:
| Prif Awdur: | |
|---|---|
| Fformat: | Llyfr |
| Cyhoeddwyd: |
Georgia
1983
|
| Pynciau: | |
| Tagiau: |
Ychwanegu Tag
Dim Tagiau, Byddwch y cyntaf i dagio'r cofnod hwn!
|
MARC
| LEADER | 00000nam a2200000Ia 4500 | ||
|---|---|---|---|
| 003 | 000714 | ||
| 005 | 20221231143953.0 | ||
| 008 | 140114s1983 c a 000 ||e d | ||
| 040 | |c cru CEDI | ||
| 082 | |a 620.112 B296s | ||
| 100 | |a Barzuna, José L |9 17161 | ||
| 245 | |a Strengthening of brick masonry walls for out-of-plane seismic forces | ||
| 260 | |a Georgia |c 1983 | ||
| 300 | |a volúmen (en varias paginaciones) : ilustraciones | ||
| 500 | |a Tesis (maestría ingeniería civil)--Georgia Institute of Trecnology, | ||
| 501 | |a Ed. mimeografiada | ||
| 651 | |x RESISTENCIA DE MATERIALES |x PRUEBAS |x MATERIALES DE CONSTRUCCION |x INGENIERÍA CIVIL |x DISEÑO DE ESTRUCTURAS |9 17162 | ||
| 942 | |c BK |2 ddc | ||
| 999 | |c 14971 |d 14971 | ||
